000 01429 a2200289 4500
003 NUST
005 20230102131415.0
010 _a 96133472
020 _a1565920864
040 _cNust
082 _a364.168,ICO
100 1 _aIcove, David J.,
_9106624
245 1 0 _aComputer crime :
_ba crimefighter's handbook /
_cDavid Icove, Karl Seger, and William VonStorch.
250 _a1st ed.
260 _aSebastopol, CA :
_bO'Reilly & Associates,
_c1995.
300 _axxi, 437 p. :
_bill. ;
_c24 cm.
505 _aIntroduction to computer crime (Page-1), What are the crimes (Page-29), Who commits computer crimes (Page-61), What are the laws (Page-71), What is at risk (Page-89),Physical security (Page-103), Communications security (Page-129), Handing Computer Crime (Page-155), Part 4:- Computer Crime Laws (Page-203), Part 5:- Appendices (Page-351).
650 0 _aComputer crimes.
_918532
650 0 _aComputer security.
_9570
650 0 _aComputers
_xLaw and legislation
_zUnited States.
_985540
650 0 _aElectronic data processing departments
_xSecurity measures.
_995063
700 1 _aSeger, Karl A.,
_d1940-
_9106625
700 1 _aVonStorch, William R.
_9106626
856 4 2 _3Contributor biographical information
_uhttp://www.loc.gov/catdir/enhancements/fy0915/96133472-b.html
856 4 2 _3Publisher description
_uhttp://www.loc.gov/catdir/enhancements/fy0915/96133472-d.html
942 _2ddc
_cBK
_k364.168,ICO
999 _c184185
_d184185